| 000 | 00559nam a2200181Ia 4500 | ||
|---|---|---|---|
| 003 | GCL | ||
| 008 | 140319s9999 xx 000 0 ara d | ||
| 040 |
_aGCL / _cGCL |
||
| 082 | 0 | 4 |
_a502 _bس د |
| 100 | 1 | _aسامى خلف حمارنة | |
| 245 | 1 | 0 |
_aدليل الباحثين فى تاريخ العلوم عند العرب والمسلمين / _cسامى خلف حمارنة |
| 300 | _a280 ص | ||
| 490 | _a | ||
| 650 | 0 | 4 | _aالكيمياء |
| 650 | 0 | 4 | _aالعلوم عند العرب |
| 650 | 0 | 4 | _aالحضارة الاسلامية |
| 942 |
_2ddc _cBK |
||
| 999 |
_c44807 _d44807 |
||